[Event "April 9 Early 2024"]
[Site "Chess.com"]
[Date "2024.04.09"]
[Round "2"]
[White "Stojanovski, Sandi"]
[Black "Rodriguez Fontecha, Marcos"]
[Result "0-1"]
[Board "218"]
[WhiteFideId "1403249"]
[BlackFideId "2256576"]
[WhiteTitle "FM"]
[BlackTitle "FM"]
[WhiteElo "2327"]
[BlackElo "2541"]
[WhiteTeam "DEN"]
[BlackTeam "ESP"]
[WhiteClock "0:00:00"]
[BlackClock "0:00:05"]
[Variant "Standard"]

1. d3 {[%clk 0:02:59]}  d5 {[%clk 0:02:59]} 2. Nf3 {[%clk 0:03:00]}  Nf6 {[%clk 0:02:59]} 3. g3 {[%clk 0:03:01]}  Bg4 {[%clk 0:02:55]} 4. Bg2 {[%clk 0:03:01]}  Nbd7 {[%clk 0:02:56]} 5. O-O {[%clk 0:03:01]}  c6 {[%clk 0:02:56]} 6. c4 {[%clk 0:03:00]}  dxc4 {[%clk 0:02:57]} 7. dxc4 {[%clk 0:03:00]}  e5 {[%clk 0:02:58]} 8. Nc3 {[%clk 0:02:58]}  Be7 {[%clk 0:02:58]} 9. b3 {[%clk 0:02:55]}  O-O {[%clk 0:02:58]} 10. Bb2 {[%clk 0:02:56]}  Qc7 {[%clk 0:02:58]} 11. Qc2 {[%clk 0:02:55]}  Rfe8 {[%clk 0:02:58]} 12. Nh4 {[%clk 0:02:40]}  Nc5 {[%clk 0:02:56]} 13. Nf5 {[%clk 0:02:35]}  Bf8 {[%clk 0:02:53]} 14. Rad1 {[%clk 0:01:35]}  Nfd7 {[%clk 0:02:44]} 15. h3 {[%clk 0:01:24]}  Bh5 {[%clk 0:02:43]} 16. Ne4 {[%clk 0:01:17]}  Bg6 {[%clk 0:02:41]} 17. Nh4 {[%clk 0:01:11]}  Nxe4 {[%clk 0:02:31]} 18. Bxe4 {[%clk 0:01:12]}  Nc5 {[%clk 0:02:31]} 19. Nxg6 {[%clk 0:01:10]}  hxg6 {[%clk 0:02:31]} 20. Bg2 {[%clk 0:01:09]}  Rad8 {[%clk 0:02:30]} 21. e3 {[%clk 0:01:09]}  a5 {[%clk 0:02:22]} 22. Rxd8 {[%clk 0:01:09]}  Rxd8 {[%clk 0:02:22]} 23. Rd1 {[%clk 0:01:10]}  Rd6 {[%clk 0:02:16]} 24. Rxd6 {[%clk 0:01:06]}  Qxd6 {[%clk 0:02:17]} 25. Bc3 {[%clk 0:01:02]}  b6 {[%clk 0:02:16]} 26. Qd2 {[%clk 0:01:02]}  Qxd2 {[%clk 0:02:11]} 27. Bxd2 {[%clk 0:01:01]}  e4 {[%clk 0:02:12]} 28. Bc3 {[%clk 0:00:38]}  f5 {[%clk 0:02:10]} 29. Bd4 {[%clk 0:00:37]}  Nd7 {[%clk 0:02:11]} 30. Bf1 {[%clk 0:00:27]}  Bc5 {[%clk 0:02:08]} 31. Be2 {[%clk 0:00:25]}  Kf7 {[%clk 0:02:07]} 32. Kf1 {[%clk 0:00:24]}  g5 {[%clk 0:02:06]} 33. Ke1 {[%clk 0:00:24]}  g6 {[%clk 0:02:06]} 34. Kd2 {[%clk 0:00:23]}  Ke6 {[%clk 0:02:06]} 35. Bh8 {[%clk 0:00:21]}  Bb4+ {[%clk 0:01:46]} 36. Kd1 {[%clk 0:00:20]}  Nc5 {[%clk 0:01:46]} 37. h4 {[%clk 0:00:20]}  g4 {[%clk 0:01:37]} 38. Bg7 {[%clk 0:00:18]}  Nb7 {[%clk 0:01:31]} 39. Bh8 {[%clk 0:00:16]}  Nd6 {[%clk 0:01:31]} 40. Bd4 {[%clk 0:00:15]}  Nc8 {[%clk 0:01:28]} 41. Bg7 {[%clk 0:00:12]}  Bd6 {[%clk 0:01:26]} 42. Bd4 {[%clk 0:00:11]}  Be5 {[%clk 0:01:26]} 43. Kc2 {[%clk 0:00:11]}  c5 {[%clk 0:01:25]} 44. Bc3 {[%clk 0:00:10]}  Nd6 {[%clk 0:01:24]} 45. a3 {[%clk 0:00:09]}  Bxc3 {[%clk 0:01:14]} 46. Kxc3 {[%clk 0:00:09]}  Nf7 {[%clk 0:01:15]} 47. b4 {[%clk 0:00:08]}  axb4+ {[%clk 0:01:12]} 48. axb4 {[%clk 0:00:08]}  g5 {[%clk 0:00:50]} 49. h5 {[%clk 0:00:07]}  Ne5 {[%clk 0:00:50]} 50. b5 {[%clk 0:00:06]}  Kf7 {[%clk 0:00:41]} 51. Kd2 {[%clk 0:00:06]}  Kg7 {[%clk 0:00:42]} 52. Kc3 {[%clk 0:00:07]}  Kh6 {[%clk 0:00:42]} 53. Kd2 {[%clk 0:00:07]}  Kxh5 {[%clk 0:00:42]} 54. Kc3 {[%clk 0:00:08]}  Ng6 {[%clk 0:00:39]} 55. Kd2 {[%clk 0:00:08]}  f4 {[%clk 0:00:39]} 56. Ke1 {[%clk 0:00:08]}  Ne7 {[%clk 0:00:25]} 57. Bd1 {[%clk 0:00:07]}  Nf5 {[%clk 0:00:24]} 58. gxf4 {[%clk 0:00:06]}  gxf4 {[%clk 0:00:09]} 59. exf4 {[%clk 0:00:07]}  Kh4 {[%clk 0:00:09]} 60. Kf1 {[%clk 0:00:07]}  e3 {[%clk 0:00:09]} 61. Be2 {[%clk 0:00:04]}  exf2 {[%clk 0:00:05]} 62. Kxf2 {[%clk 0:00:05]}  Kh3 {[%clk 0:00:06]} 63. Kg1 {[%clk 0:00:02]}  Nd4 {[%clk 0:00:05]} 64. Bd3 {[%clk 0:00:00]}  g3 {[%clk 0:00:05]} 0-1

[Event "April 9 Early 2024"]
[Site "Chess.com"]
[Date "2024.04.09"]
[Round "2"]
[White "Valle Luis, Leo"]
[Black "Santeramo, Alessia Carmen"]
[Result "1-0"]
[Board "219"]
[WhiteFideId "54577187"]
[BlackFideId "850810"]
[WhiteTitle "FM"]
[BlackTitle "WFM"]
[WhiteElo "2537"]
[BlackElo "2323"]
[WhiteTeam "ESP"]
[BlackTeam "ITA"]
[WhiteClock "0:00:16"]
[BlackClock "0:00:01"]
[Variant "Standard"]

1. e4 {[%clk 0:03:00]}  e5 {[%clk 0:02:58]} 2. Nf3 {[%clk 0:03:01]}  Nc6 {[%clk 0:02:53]} 3. Bb5 {[%clk 0:03:00]}  Bc5 {[%clk 0:02:50]} 4. c3 {[%clk 0:02:59]}  Nf6 {[%clk 0:02:50]} 5. O-O {[%clk 0:02:58]}  O-O {[%clk 0:02:49]} 6. d4 {[%clk 0:02:57]}  Bb6 {[%clk 0:02:49]} 7. Re1 {[%clk 0:02:56]}  d6 {[%clk 0:02:46]} 8. h3 {[%clk 0:02:53]}  h6 {[%clk 0:02:46]} 9. Ba4 {[%clk 0:02:39]}  Ne7 {[%clk 0:02:15]} 10. dxe5 {[%clk 0:02:29]}  dxe5 {[%clk 0:02:14]} 11. Qxd8 {[%clk 0:02:27]}  Rxd8 {[%clk 0:02:15]} 12. Nxe5 {[%clk 0:02:27]}  c6 {[%clk 0:02:03]} 13. Bb3 {[%clk 0:02:23]}  Be6 {[%clk 0:01:58]} 14. Bxe6 {[%clk 0:02:12]}  fxe6 {[%clk 0:01:59]} 15. Nd2 {[%clk 0:02:08]}  Rf8 {[%clk 0:01:57]} 16. Ndf3 {[%clk 0:01:56]}  Rad8 {[%clk 0:01:49]} 17. Nc4 {[%clk 0:01:44]}  Bc7 {[%clk 0:01:44]} 18. b3 {[%clk 0:01:36]}  Ng6 {[%clk 0:01:34]} 19. Ba3 {[%clk 0:01:26]}  Rf7 {[%clk 0:01:30]} 20. Nd4 {[%clk 0:01:25]}  Nf4 {[%clk 0:01:19]} 21. Rad1 {[%clk 0:00:55]}  b5 {[%clk 0:01:10]} 22. Nb2 {[%clk 0:00:51]}  Bb6 {[%clk 0:01:04]} 23. Nxc6 {[%clk 0:00:43]}  Rxd1 {[%clk 0:01:04]} 24. Nxd1 {[%clk 0:00:44]}  Nd3 {[%clk 0:01:02]} 25. Re2 {[%clk 0:00:44]}  Nf4 {[%clk 0:00:36]} 26. Re1 {[%clk 0:00:24]}  Nd3 {[%clk 0:00:36]} 27. Re2 {[%clk 0:00:20]}  Nf4 {[%clk 0:00:36]} 28. Rd2 {[%clk 0:00:20]}  Nxe4 {[%clk 0:00:36]} 29. Rc2 {[%clk 0:00:18]}  Nd3 {[%clk 0:00:34]} 30. Nd4 {[%clk 0:00:18]}  e5 {[%clk 0:00:28]} 31. Nf3 {[%clk 0:00:18]}  Nexf2 {[%clk 0:00:24]} 32. Nxf2 {[%clk 0:00:17]}  Nxf2 {[%clk 0:00:25]} 33. Rxf2 {[%clk 0:00:17]}  e4 {[%clk 0:00:25]} 34. Nd4 {[%clk 0:00:17]}  b4 {[%clk 0:00:13]} 35. Rxf7 {[%clk 0:00:15]}  Kxf7 {[%clk 0:00:06]} 36. Bxb4 {[%clk 0:00:16]}  Kf6 {[%clk 0:00:04]} 37. Kf2 {[%clk 0:00:16]}  Ke5 {[%clk 0:00:01]} 38. Ke3 {[%clk 0:00:16]} 1-0

[Event "April 9 Early 2024"]
[Site "Chess.com"]
[Date "2024.04.09"]
[Round "2"]
[White "Toktomushev, Teimur"]
[Black "Lai, Hong Jun"]
[Result "1-0"]
[Board "221"]
[WhiteFideId "14176726"]
[BlackFideId "5729165"]
[WhiteTitle "FM"]
[BlackTitle "CM"]
[WhiteElo "2534"]
[BlackElo "2320"]
[WhiteTeam "SUI"]
[BlackTeam "MAS"]
[WhiteClock "0:00:03"]
[BlackClock "0:00:04"]
[Variant "Standard"]

1. d4 {[%clk 0:02:59]}  d5 {[%clk 0:02:58]} 2. c4 {[%clk 0:02:58]}  c6 {[%clk 0:02:58]} 3. Nc3 {[%clk 0:02:58]}  Nf6 {[%clk 0:02:58]} 4. e3 {[%clk 0:02:59]}  e6 {[%clk 0:02:58]} 5. Nf3 {[%clk 0:02:58]}  Nbd7 {[%clk 0:02:59]} 6. Qc2 {[%clk 0:02:59]}  Be7 {[%clk 0:02:57]} 7. Bd3 {[%clk 0:02:59]}  dxc4 {[%clk 0:02:57]} 8. Bxc4 {[%clk 0:03:00]}  b5 {[%clk 0:02:58]} 9. Bd3 {[%clk 0:02:59]}  Bb7 {[%clk 0:02:59]} 10. e4 {[%clk 0:02:54]}  h6 {[%clk 0:02:54]} 11. e5 {[%clk 0:02:52]}  Nd5 {[%clk 0:02:54]} 12. Nxd5 {[%clk 0:02:38]}  cxd5 {[%clk 0:02:52]} 13. O-O {[%clk 0:02:28]}  a6 {[%clk 0:02:50]} 14. a4 {[%clk 0:02:12]}  b4 {[%clk 0:02:45]} 15. Ne1 {[%clk 0:02:07]}  Rc8 {[%clk 0:02:21]} 16. Qe2 {[%clk 0:02:05]}  Qb6 {[%clk 0:02:20]} 17. Be3 {[%clk 0:01:28]}  g6 {[%clk 0:02:10]} 18. f4 {[%clk 0:01:07]}  h5 {[%clk 0:01:55]} 19. g3 {[%clk 0:00:57]}  Rc7 {[%clk 0:01:47]} 20. Nf3 {[%clk 0:00:52]}  Nb8 {[%clk 0:01:38]} 21. a5 {[%clk 0:00:39]}  Qa7 {[%clk 0:01:36]} 22. h3 {[%clk 0:00:37]}  Bc6 {[%clk 0:01:30]} 23. g4 {[%clk 0:00:35]}  Rb7 {[%clk 0:01:29]} 24. f5 {[%clk 0:00:29]}  gxf5 {[%clk 0:01:23]} 25. gxf5 {[%clk 0:00:30]}  Bb5 {[%clk 0:01:21]} 26. fxe6 {[%clk 0:00:27]}  fxe6 {[%clk 0:01:21]} 27. Ng5 {[%clk 0:00:21]}  Kd7 {[%clk 0:00:56]} 28. Nxe6 {[%clk 0:00:05]}  Nc6 {[%clk 0:00:30]} 29. Nc5+ {[%clk 0:00:04]}  Bxc5 {[%clk 0:00:28]} 30. dxc5 {[%clk 0:00:05]}  Nxe5 {[%clk 0:00:18]} 31. Bxb5+ {[%clk 0:00:03]}  axb5 {[%clk 0:00:17]} 32. Bd4 {[%clk 0:00:04]}  Rg8+ {[%clk 0:00:06]} 33. Kh1 {[%clk 0:00:04]}  Kc6 {[%clk 0:00:04]} 34. Rf6+ {[%clk 0:00:03]}  Kc7 {[%clk 0:00:03]} 35. Qxe5+ {[%clk 0:00:04]}  Kc8 {[%clk 0:00:03]} 36. Qe6+ {[%clk 0:00:03]}  Rd7 {[%clk 0:00:04]} 37. Qxg8+ {[%clk 0:00:04]}  Rd8 {[%clk 0:00:03]} 38. Qe6+ {[%clk 0:00:04]}  Kb8 {[%clk 0:00:04]} 39. Qe5+ {[%clk 0:00:03]}  Ka8 {[%clk 0:00:04]} 40. c6 {[%clk 0:00:03]}  Qg7 {[%clk 0:00:04]} 41. c7 {[%clk 0:00:03]}  Rc8 {[%clk 0:00:04]} 42. Qxd5# {[%clk 0:00:03]} 1-0

[Event "April 9 Early 2024"]
[Site "Chess.com"]
[Date "2024.04.09"]
[Round "2"]
[White "Sai Agni Jeevitesh, J"]
[Black "Kunz, Andre"]
[Result "0-1"]
[Board "223"]
[WhiteFideId "5070147"]
[BlackFideId "24623652"]
[WhiteTitle "IM"]
[BlackTitle "CM"]
[WhiteElo "2533"]
[BlackElo "2312"]
[WhiteTeam "IND"]
[BlackTeam "GER"]
[WhiteClock "0:00:12"]
[BlackClock "0:00:16"]
[Variant "Standard"]

1. c4 {[%clk 0:03:00]}  Nf6 {[%clk 0:02:59]} 2. g3 {[%clk 0:03:00]}  e6 {[%clk 0:02:59]} 3. Bg2 {[%clk 0:03:00]}  d5 {[%clk 0:02:59]} 4. Nf3 {[%clk 0:02:59]}  c6 {[%clk 0:02:59]} 5. O-O {[%clk 0:02:58]}  Be7 {[%clk 0:02:59]} 6. b3 {[%clk 0:02:53]}  O-O {[%clk 0:02:59]} 7. Bb2 {[%clk 0:02:52]}  Nbd7 {[%clk 0:02:59]} 8. e3 {[%clk 0:02:52]}  Ne4 {[%clk 0:02:52]} 9. d3 {[%clk 0:02:50]}  Nef6 {[%clk 0:02:48]} 10. Nbd2 {[%clk 0:02:48]}  b6 {[%clk 0:02:47]} 11. a3 {[%clk 0:02:45]}  Bb7 {[%clk 0:02:46]} 12. b4 {[%clk 0:02:44]}  a5 {[%clk 0:02:43]} 13. Qb3 {[%clk 0:02:44]}  axb4 {[%clk 0:02:38]} 14. axb4 {[%clk 0:02:44]}  Qc7 {[%clk 0:02:36]} 15. Rfc1 {[%clk 0:02:41]}  Rxa1 {[%clk 0:02:35]} 16. Bxa1 {[%clk 0:02:40]}  Ra8 {[%clk 0:02:31]} 17. Bb2 {[%clk 0:02:39]}  Qd8 {[%clk 0:02:28]} 18. cxd5 {[%clk 0:02:36]}  Nxd5 {[%clk 0:02:20]} 19. Nd4 {[%clk 0:02:04]}  c5 {[%clk 0:01:59]} 20. bxc5 {[%clk 0:01:17]}  Nxc5 {[%clk 0:02:00]} 21. Qc2 {[%clk 0:01:16]}  Nb4 {[%clk 0:01:27]} 22. Qc4 {[%clk 0:01:09]}  Bxg2 {[%clk 0:01:20]} 23. Kxg2 {[%clk 0:01:09]}  Nbxd3 {[%clk 0:01:18]} 24. Rb1 {[%clk 0:01:08]}  Bf6 {[%clk 0:01:08]} 25. Nc6 {[%clk 0:00:52]}  Qd6 {[%clk 0:00:54]} 26. Nd4 {[%clk 0:00:41]}  Nxb2 {[%clk 0:00:42]} 27. Rxb2 {[%clk 0:00:41]}  Ra4 {[%clk 0:00:37]} 28. Qb5 {[%clk 0:00:31]}  Bxd4 {[%clk 0:00:33]} 29. Qe8+ {[%clk 0:00:26]}  Qf8 {[%clk 0:00:32]} 30. Qxf8+ {[%clk 0:00:26]}  Kxf8 {[%clk 0:00:33]} 31. exd4 {[%clk 0:00:27]}  Rxd4 {[%clk 0:00:33]} 32. Nf3 {[%clk 0:00:24]}  Rd6 {[%clk 0:00:32]} 33. Ne5 {[%clk 0:00:25]}  Ke7 {[%clk 0:00:29]} 34. Nc4 {[%clk 0:00:25]}  Rd4 {[%clk 0:00:25]} 35. Nxb6 {[%clk 0:00:24]}  Kf6 {[%clk 0:00:23]} 36. Rc2 {[%clk 0:00:22]}  Nd3 {[%clk 0:00:20]} 37. Re2 {[%clk 0:00:18]}  Rg4 {[%clk 0:00:18]} 38. Kf1 {[%clk 0:00:15]}  Rb4 {[%clk 0:00:17]} 39. Nd7+ {[%clk 0:00:14]}  Ke7 {[%clk 0:00:16]} 40. Nc5 {[%clk 0:00:12]}  Nxc5 {[%clk 0:00:16]} 0-1

[Event "April 9 Early 2024"]
[Site "Chess.com"]
[Date "2024.04.09"]
[Round "2"]
[White "Escudero Donoso, Felipe"]
[Black "Vovk, Orest"]
[Result "0-1"]
[Board "224"]
[WhiteFideId "3410595"]
[BlackFideId "14113490"]
[WhiteTitle "CM"]
[BlackTitle "FM"]
[WhiteElo "2311"]
[BlackElo "2532"]
[WhiteTeam "CHI"]
[BlackTeam "UKR"]
[WhiteClock "0:00:00"]
[BlackClock "0:00:13"]
[Variant "Standard"]

1. d4 {[%clk 0:03:00]}  Nf6 {[%clk 0:02:59]} 2. c4 {[%clk 0:03:00]}  Rg8 {[%clk 0:03:00]} 3. Nc3 {[%clk 0:02:58]}  g5 {[%clk 0:02:59]} 4. e4 {[%clk 0:02:55]}  d6 {[%clk 0:02:59]} 5. Be2 {[%clk 0:02:36]}  g4 {[%clk 0:02:57]} 6. Be3 {[%clk 0:02:34]}  c6 {[%clk 0:02:34]} 7. Bd3 {[%clk 0:02:23]}  Nbd7 {[%clk 0:02:33]} 8. Nge2 {[%clk 0:02:24]}  e5 {[%clk 0:02:27]} 9. Qd2 {[%clk 0:02:14]}  Qa5 {[%clk 0:02:25]} 10. O-O-O {[%clk 0:02:12]}  a6 {[%clk 0:02:18]} 11. Kb1 {[%clk 0:02:11]}  b5 {[%clk 0:02:14]} 12. Nd5 {[%clk 0:01:44]}  Qxd2 {[%clk 0:02:12]} 13. Nxf6+ {[%clk 0:01:45]}  Nxf6 {[%clk 0:02:12]} 14. Bxd2 {[%clk 0:01:38]}  bxc4 {[%clk 0:02:12]} 15. Bxc4 {[%clk 0:01:38]}  Nxe4 {[%clk 0:02:10]} 16. Be3 {[%clk 0:01:37]}  Bf5 {[%clk 0:01:56]} 17. Ka1 {[%clk 0:01:37]}  d5 {[%clk 0:01:53]} 18. Bb3 {[%clk 0:01:37]}  f6 {[%clk 0:01:52]} 19. Ba4 {[%clk 0:01:34]}  Bd7 {[%clk 0:01:50]} 20. f3 {[%clk 0:01:26]}  gxf3 {[%clk 0:01:48]} 21. gxf3 {[%clk 0:01:26]}  Nd6 {[%clk 0:01:47]} 22. Ng3 {[%clk 0:01:07]}  Nc4 {[%clk 0:01:41]} 23. Bc1 {[%clk 0:01:05]}  O-O-O {[%clk 0:01:31]} 24. Rhe1 {[%clk 0:00:54]}  Bb4 {[%clk 0:01:28]} 25. Re2 {[%clk 0:00:48]}  Rge8 {[%clk 0:01:17]} 26. dxe5 {[%clk 0:00:40]}  Rxe5 {[%clk 0:01:16]} 27. Rxe5 {[%clk 0:00:34]}  fxe5 {[%clk 0:01:17]} 28. Bb3 {[%clk 0:00:30]}  Nd6 {[%clk 0:01:13]} 29. a3 {[%clk 0:00:28]}  Ba5 {[%clk 0:01:12]} 30. Bg5 {[%clk 0:00:27]}  Re8 {[%clk 0:01:06]} 31. Rc1 {[%clk 0:00:27]}  Kb7 {[%clk 0:01:04]} 32. Nh5 {[%clk 0:00:27]}  Bd8 {[%clk 0:00:59]} 33. h4 {[%clk 0:00:25]}  Bxg5 {[%clk 0:00:56]} 34. hxg5 {[%clk 0:00:26]}  Bf5 {[%clk 0:00:46]} 35. Ba4 {[%clk 0:00:23]}  Nb5 {[%clk 0:00:43]} 36. Nf6 {[%clk 0:00:23]}  Re7 {[%clk 0:00:39]} 37. Bxb5 {[%clk 0:00:19]}  axb5 {[%clk 0:00:38]} 38. b4 {[%clk 0:00:18]}  Rg7 {[%clk 0:00:37]} 39. Ne8 {[%clk 0:00:17]}  Rxg5 {[%clk 0:00:34]} 40. Nd6+ {[%clk 0:00:17]}  Kb6 {[%clk 0:00:34]} 41. Nf7 {[%clk 0:00:18]}  Rg2 {[%clk 0:00:30]} 42. Nxe5 {[%clk 0:00:18]}  Rc2 {[%clk 0:00:28]} 43. Rxc2 {[%clk 0:00:11]}  Bxc2 {[%clk 0:00:27]} 44. Kb2 {[%clk 0:00:12]}  Bf5 {[%clk 0:00:27]} 45. Kc3 {[%clk 0:00:12]}  h5 {[%clk 0:00:27]} 46. f4 {[%clk 0:00:09]}  h4 {[%clk 0:00:26]} 47. Nf3 {[%clk 0:00:09]}  h3 {[%clk 0:00:26]} 48. Kd4 {[%clk 0:00:10]}  Be4 {[%clk 0:00:25]} 49. Nh2 {[%clk 0:00:08]}  Kc7 {[%clk 0:00:21]} 50. Ke5 {[%clk 0:00:08]}  Kd7 {[%clk 0:00:21]} 51. f5 {[%clk 0:00:08]}  Ke7 {[%clk 0:00:20]} 52. Ng4 {[%clk 0:00:08]}  Bf3 {[%clk 0:00:19]} 53. f6+ {[%clk 0:00:04]}  Kf8 {[%clk 0:00:18]} 54. Nh2 {[%clk 0:00:03]}  Bh5 {[%clk 0:00:14]} 55. Kd6 {[%clk 0:00:03]}  d4 {[%clk 0:00:14]} 56. Kc5 {[%clk 0:00:01]}  d3 {[%clk 0:00:14]} 57. Nf1 {[%clk 0:00:00]}  Be2 {[%clk 0:00:13]} 0-1

[Event "April 9 Early 2024"]
[Site "Chess.com"]
[Date "2024.04.09"]
[Round "2"]
[White "Kaliakhmet, Elnaz"]
[Black "Hoffmann, Asa"]
[Result "1-0"]
[Board "225"]
[WhiteFideId "13730169"]
[BlackFideId "2001470"]
[WhiteTitle "WFM"]
[BlackTitle "FM"]
[WhiteElo "2531"]
[BlackElo "2310"]
[WhiteTeam "KAZ"]
[BlackTeam "USA"]
[WhiteClock "0:01:12"]
[BlackClock "0:00:12"]
[Variant "Standard"]

1. d4 {[%clk 0:03:00]}  Nf6 {[%clk 0:02:57]} 2. c4 {[%clk 0:03:00]}  c5 {[%clk 0:02:54]} 3. d5 {[%clk 0:03:00]}  e5 {[%clk 0:02:54]} 4. Nc3 {[%clk 0:02:59]}  d6 {[%clk 0:02:54]} 5. e4 {[%clk 0:02:59]}  Be7 {[%clk 0:02:54]} 6. Bd3 {[%clk 0:02:56]}  Nbd7 {[%clk 0:02:53]} 7. Nge2 {[%clk 0:02:55]}  Nf8 {[%clk 0:02:53]} 8. O-O {[%clk 0:02:55]}  Ng6 {[%clk 0:02:53]} 9. a3 {[%clk 0:02:52]}  Nh5 {[%clk 0:02:52]} 10. b4 {[%clk 0:02:46]}  b6 {[%clk 0:02:52]} 11. bxc5 {[%clk 0:02:44]}  bxc5 {[%clk 0:02:52]} 12. Bc2 {[%clk 0:02:42]}  O-O {[%clk 0:02:50]} 13. Rb1 {[%clk 0:02:39]}  Bg5 {[%clk 0:02:48]} 14. Ba4 {[%clk 0:02:34]}  Ba6 {[%clk 0:02:41]} 15. Bb5 {[%clk 0:02:32]}  Bxb5 {[%clk 0:02:41]} 16. Nxb5 {[%clk 0:02:32]}  Bxc1 {[%clk 0:02:33]} 17. Qxc1 {[%clk 0:02:33]}  Nhf4 {[%clk 0:02:32]} 18. Nxf4 {[%clk 0:02:32]}  Nxf4 {[%clk 0:02:32]} 19. Qe3 {[%clk 0:02:31]}  a6 {[%clk 0:02:22]} 20. Nc3 {[%clk 0:02:29]}  Qa5 {[%clk 0:02:19]} 21. Rb3 {[%clk 0:02:18]}  f5 {[%clk 0:02:07]} 22. exf5 {[%clk 0:02:13]}  Rxf5 {[%clk 0:02:05]} 23. Ne4 {[%clk 0:02:13]}  Rd8 {[%clk 0:01:45]} 24. Rfb1 {[%clk 0:02:10]}  Qc7 {[%clk 0:01:43]} 25. Rb7 {[%clk 0:02:07]}  Qa5 {[%clk 0:01:32]} 26. g3 {[%clk 0:02:02]}  Ng6 {[%clk 0:01:26]} 27. Rb8 {[%clk 0:01:52]}  h6 {[%clk 0:01:24]} 28. Nxd6 {[%clk 0:01:49]}  Rff8 {[%clk 0:01:20]} 29. Rxd8 {[%clk 0:01:46]}  Rxd8 {[%clk 0:01:10]} 30. Nb7 {[%clk 0:01:44]}  Qc7 {[%clk 0:01:03]} 31. Nxd8 {[%clk 0:01:43]}  Qxd8 {[%clk 0:01:03]} 32. Qxc5 {[%clk 0:01:43]}  e4 {[%clk 0:01:00]} 33. d6 {[%clk 0:01:41]}  Kh7 {[%clk 0:00:54]} 34. Qc7 {[%clk 0:01:35]}  Qf6 {[%clk 0:00:53]} 35. d7 {[%clk 0:01:28]}  e3 {[%clk 0:00:49]} 36. fxe3 {[%clk 0:01:25]}  Qf3 {[%clk 0:00:48]} 37. Re1 {[%clk 0:01:16]}  Nh4 {[%clk 0:00:41]} 38. gxh4 {[%clk 0:01:15]}  Qg4+ {[%clk 0:00:40]} 39. Qg3 {[%clk 0:01:15]}  Qxd7 {[%clk 0:00:39]} 40. e4 {[%clk 0:01:14]}  Qd4+ {[%clk 0:00:38]} 41. Qe3 {[%clk 0:01:14]}  Qxc4 {[%clk 0:00:37]} 42. e5 {[%clk 0:01:11]}  Qxh4 {[%clk 0:00:12]} 43. Kh1 {[%clk 0:01:12]} 1-0

[Event "April 9 Early 2024"]
[Site "Chess.com"]
[Date "2024.04.09"]
[Round "2"]
[White "Ruge, Edison"]
[Black "Gatterer, Florian"]
[Result "1-0"]
[Board "226"]
[WhiteFideId "4401000"]
[BlackFideId "811688"]
[WhiteTitle "FM"]
[BlackTitle "FM"]
[WhiteElo "2306"]
[BlackElo "2531"]
[WhiteTeam "COL"]
[BlackTeam "ITA"]
[WhiteClock "0:00:13"]
[BlackClock "0:00:00"]
[Variant "Standard"]

1. e4 {[%clk 0:03:00]}  c6 {[%clk 0:03:00]} 2. d3 {[%clk 0:02:59]}  d5 {[%clk 0:02:59]} 3. Nd2 {[%clk 0:02:58]}  e5 {[%clk 0:02:58]} 4. Ngf3 {[%clk 0:02:59]}  Bd6 {[%clk 0:02:55]} 5. g3 {[%clk 0:02:59]}  Nf6 {[%clk 0:02:55]} 6. Bg2 {[%clk 0:03:00]}  O-O {[%clk 0:02:56]} 7. h3 {[%clk 0:03:00]}  Re8 {[%clk 0:02:56]} 8. O-O {[%clk 0:03:00]}  a5 {[%clk 0:02:56]} 9. Re1 {[%clk 0:03:01]}  Nbd7 {[%clk 0:02:51]} 10. c4 {[%clk 0:03:01]}  dxe4 {[%clk 0:02:49]} 11. Nxe4 {[%clk 0:03:00]}  Nxe4 {[%clk 0:02:49]} 12. dxe4 {[%clk 0:02:59]}  Bb4 {[%clk 0:02:37]} 13. Bd2 {[%clk 0:02:58]}  Qe7 {[%clk 0:02:07]} 14. a3 {[%clk 0:02:56]}  Bxd2 {[%clk 0:02:06]} 15. Qxd2 {[%clk 0:02:55]}  Nc5 {[%clk 0:02:06]} 16. Qc3 {[%clk 0:02:55]}  a4 {[%clk 0:02:02]} 17. Rad1 {[%clk 0:02:51]}  f6 {[%clk 0:02:01]} 18. Nh4 {[%clk 0:02:37]}  Be6 {[%clk 0:01:57]} 19. Nf5 {[%clk 0:02:36]}  Bxf5 {[%clk 0:01:57]} 20. exf5 {[%clk 0:02:36]}  Red8 {[%clk 0:01:53]} 21. Qb4 {[%clk 0:02:32]}  Kf7 {[%clk 0:01:43]} 22. Qc3 {[%clk 0:02:18]}  Rxd1 {[%clk 0:01:33]} 23. Rxd1 {[%clk 0:02:17]}  Rd8 {[%clk 0:01:33]} 24. Bf3 {[%clk 0:02:10]}  Rxd1+ {[%clk 0:01:29]} 25. Bxd1 {[%clk 0:02:09]}  Qd7 {[%clk 0:01:26]} 26. Bh5+ {[%clk 0:02:05]}  g6 {[%clk 0:01:19]} 27. fxg6+ {[%clk 0:02:03]}  hxg6 {[%clk 0:01:20]} 28. Bg4 {[%clk 0:02:01]}  Qd4 {[%clk 0:01:05]} 29. Qb4 {[%clk 0:01:43]}  f5 {[%clk 0:00:42]} 30. Be2 {[%clk 0:01:37]}  e4 {[%clk 0:00:39]} 31. Qb6 {[%clk 0:01:32]}  Qd6 {[%clk 0:00:34]} 32. Qa7 {[%clk 0:01:25]}  e3 {[%clk 0:00:33]} 33. f4 {[%clk 0:01:14]}  Kg7 {[%clk 0:00:28]} 34. Qa5 {[%clk 0:00:58]}  Kf7 {[%clk 0:00:17]} 35. Qc3 {[%clk 0:00:52]}  Ne4 {[%clk 0:00:13]} 36. Qxe3 {[%clk 0:00:50]}  Qd2 {[%clk 0:00:07]} 37. Qxd2 {[%clk 0:00:49]}  Nxd2 {[%clk 0:00:08]} 38. Kf2 {[%clk 0:00:43]}  Ne4+ {[%clk 0:00:08]} 39. Kf3 {[%clk 0:00:41]}  Nc5 {[%clk 0:00:08]} 40. Ke3 {[%clk 0:00:39]}  Kf6 {[%clk 0:00:08]} 41. Kd4 {[%clk 0:00:37]}  Nb3+ {[%clk 0:00:07]} 42. Kc3 {[%clk 0:00:36]}  Nc5 {[%clk 0:00:07]} 43. Bf3 {[%clk 0:00:35]}  Ne6 {[%clk 0:00:03]} 44. Kb4 {[%clk 0:00:31]}  Nd4 {[%clk 0:00:03]} 45. Bd1 {[%clk 0:00:28]}  b5 {[%clk 0:00:02]} 46. cxb5 {[%clk 0:00:27]}  cxb5 {[%clk 0:00:03]} 47. Kc5 {[%clk 0:00:26]}  Ne6+ {[%clk 0:00:03]} 48. Kxb5 {[%clk 0:00:26]}  g5 {[%clk 0:00:04]} 49. fxg5+ {[%clk 0:00:25]}  Kxg5 {[%clk 0:00:04]} 50. h4+ {[%clk 0:00:23]}  Kf6 {[%clk 0:00:03]} 51. Kxa4 {[%clk 0:00:22]}  Nc5+ {[%clk 0:00:03]} 52. Kb5 {[%clk 0:00:20]}  Ne4 {[%clk 0:00:03]} 53. g4 {[%clk 0:00:17]}  f4 {[%clk 0:00:03]} 54. g5+ {[%clk 0:00:16]}  Kf5 {[%clk 0:00:03]} 55. Bc2 {[%clk 0:00:16]}  Ke5 {[%clk 0:00:03]} 56. g6 {[%clk 0:00:13]}  Nf6 {[%clk 0:00:02]} 57. Kc4 {[%clk 0:00:12]}  f3 {[%clk 0:00:02]} 58. Bd3 {[%clk 0:00:12]}  Kf4 {[%clk 0:00:02]} 59. Bf1 {[%clk 0:00:12]}  Ke3 {[%clk 0:00:02]} 60. a4 {[%clk 0:00:12]}  Kf2 {[%clk 0:00:02]} 61. Bh3 {[%clk 0:00:13]}  Kg3 {[%clk 0:00:02]} 62. Bf1 {[%clk 0:00:13]}  Kf2 {[%clk 0:00:02]} 63. Bd3 {[%clk 0:00:13]}  Ke3 {[%clk 0:00:00]} 64. g7 {[%clk 0:00:13]} 1-0